000 00507nam a2200193Ia 4500
005 20250326144848.0
008 250326s9999 xx 000 0 und d
020 _a81-89410-08-3
037 _aTextbook
040 _aFMSL
_beng
_cFMSL
041 _aeng
_2eng
084 _aX:8y7 P5
_qFMSL
100 _aICFAI
245 0 _aCustomer relationship management
_cICFAI
260 _aHyderabad
_bHyderabad, ICFAI
_c2005
300 _a122p
942 _cTB
_hX:8y7 P5
999 _c1305360
_d1305360